Brawl Stars Brawlers Quiz - Statistics

General Stats
  • This quiz has been taken 159 times
  • The average score is 61 of 73
Answer Stats
Picture Answer % Correct
Shelly
98%
Nita
97%
Colt
96%
Poco
96%
Jacky
95%
Brock
94%
Bull
94%
Dynamike
94%
El Primo
94%
Barley
93%
Darryl
93%
8-Bit
91%
Emz
91%
Jessie
91%
Bo
89%
Penny
89%
Bea
88%
Rosa
88%
Charlie
87%
Frank
87%
Gale
87%
Tick
87%
Carl
86%
Crow
86%
Edgar
86%
Leon
86%
Mortis
86%
Rico
86%
Amber
84%
Bibi
84%
Gus
84%
Lou
84%
Max
84%
Spike
84%
Stu
84%
Surge
84%
Tara
84%
Lola
83%
Nani
83%
Pam
83%
Piper
83%
Ash
82%
Buzz
82%
Byron
82%
Gene
82%
Gray
82%
Janet
82%
Mr. P
82%
Sprout
82%
Colette
81%
Otis
81%
Belle
80%
Eve
80%
Fang
80%
Grom
80%
Meg
80%
Sandy
80%
Bonnie
79%
Chester
79%
Griff
79%
Buster
78%
Doug
78%
Hank
78%
Cordelius
77%
Maisie
77%
Sam
77%
Willow
77%
Mandy
76%
Pearl
74%
R-T
73%
Squeak
73%
Chuck
71%
Colonel Ruffs
63%
No matching quizzes found
Score Distribution
Percent of People with Each Score
Percentile by Number Answered
Your Score History
You have not taken this quiz